Výměna zkušeností ve vynálezcovství a zlepšovatelství sborník ze 4. krajské konference

Uložené v:
Podrobná bibliografia
Médium: Kniha
Jazyk:Czech
Vydavateľské údaje: Praha Dům techniky ČSVTS 1981
Tagy: Pridať tag
Žiadne tagy, Buďte prvý, kto otaguje tento záznam!

MARC

LEADER 00000nam a2200000 4500
001 c126713
005 20221220102940.4
041 0 |a cze 
044 |a CZ 
245 1 0 |a Výměna zkušeností ve vynálezcovství a zlepšovatelství  |b sborník ze 4. krajské konference 
264 1 |a Praha  |b Dům techniky ČSVTS  |c 1981 
300 |a 200 s.